| 000 | 00498cam a2200193 4500 | ||
|---|---|---|---|
| 001 | J3852 | ||
| 008 | 090401t1930 xxu||||| |||| 00| 0 eng d | ||
| 035 | _a(Sirsi) u57132 | ||
| 041 | _aeng | ||
| 050 | _a692.8 | ||
| 100 | _aCreswell, H. B. | ||
| 245 | 4 | _aThe Honeywood settlement : a continuation of the The Honeywood File. | |
| 260 |
_aLondon _bArchitectural Press _c1930 |
||
| 300 | _ax,302p. ; 18cm. | ||
| 350 | _a0 | ||
| 650 | _aHONEYWOOD SETTLEMENT | ||
| 942 | _n0 | ||
| 948 | _c04/03/1997 | ||
| 999 |
_c93897 _d93897 |
||